000 00543nam a2200229Ia 4500
003 OSt
005 20221006151336.0
006 a|||||r|||| 00| 0
007 ta
008 221006b |||||||| |||| 00| 0 eng d
020 _c19.00
024 _a21,765
037 _cTextual
040 _aEASL
_cEASL
_beng
041 _2eng
_aeng
100 _aKHERA S S
245 0 _aIndia's defence problem
260 _aBombay
_bOrient Longman
_c1968
300 _a329p.
_ccm.
942 _cTEXL
_2CC
999 _c1089851
_d1089851